header

Chasing Lolita (Record no. 22915)

MARC details
000 -LEADER
fixed length control field 02496nam a2200445 a 4500
082 04 - DEWEY DECIMAL CLASSIFICATION NUMBER
Classification number 813/.54
100 1# - MAIN ENTRY--AUTHOR NAME
Personal name Vickers, Graham.
245 10 - TITLE STATEMENT
Title Chasing Lolita
260 ## - PUBLICATION, DISTRIBUTION, ETC. (IMPRINT)
Place of publication Chicago, Ill. :
Name of publisher Chicago Review Press,
Year of publication 2008.
300 ## - PHYSICAL DESCRIPTION
Number of Pages 247 p. :
Other physical details ill.
500 ## - GENERAL NOTE
General note The real life of Dolores Haze : just the facts -- Casebooks and fantasies : Dolores Haze's oft-told tale -- A very 1950s scandal : hurricane Lolita -- Lolita in movieland 1: little victims and little princesses -- Lolita in movieland 2 : 'pedophilia is a hard sell' -- On the road : Lolita's moving prison -- Take one: how did they ever make a film of Lolita? -- Dramatic arts : Lolita center stage -- The spirit of free enterprise : every foul poster -- Tabloids and factoids : the press and Lolita -- Take two: once more with feeling -- Blood sisters : some responses to Lolita."
650 #0 - SUBJECT ADDED ENTRY--TOPICAL TERM
Topical Term Popular culture
Topical Term Popular culture
Topical Term Literature and society
Topical Term Literature and society
Topical Term Lolita (Fictitious character)
Topical Term Girls in literature.
Topical Term Nymphets in literature.
856 40 - ELECTRONIC LOCATION AND ACCESS
Uniform Resource Identifier http://site.ebrary.com/lib/rucke/Doc?id=10272046

No items available.

© 2026 Rongo University
Contact us: librarian | system librarian | Rongo university